| 000 | 02558nam0a2200349 4500 | ||
|---|---|---|---|
| 001 | RU\NLR\BIBL_A\012160323 | ||
| 005 | 20191218162933.0 | ||
| 010 |
_a978-5-696-05045-4 _9100 |
||
| 021 |
_aRU _bКН-П-19-085615 _9КН-П-19-6239 |
||
| 035 | _a(NLR Aleph) 012160323 | ||
| 035 | _a(RuMoRGB)010158308 | ||
| 090 |
_a12186751 _c12186751 |
||
| 100 | _a20191210d2019 k y0rusy50 ca | ||
| 101 | 0 | _arus | |
| 102 | _aRU | ||
| 105 | _aa|||z|||000zy | ||
| 200 | 1 |
_aПсихология в меняющемся мире: проблемы, гипотезы, исследования _eсборник материалов Международной студенческой научно-практической конференции _fМинистерство науки и высшего образования Российской Федерации, Южно-Уральский государственный университет, Институт социально-гуманитарных наук, Факультет психологии, Кафедра психологии развития и возрастного консультирования _gпод редакцией Е.А. Рыльской, А.С. Мальцевой |
|
| 210 |
_aЧелябинск _cИздательский центр ЮУрГУ _d2019 |
||
| 215 |
_a340, [1] с. _cил., табл. _d21 |
||
| 320 | _aБиблиогр. в конце ст. | ||
| 606 | 1 |
_aПсихология _jСъезды, совещания и т.п _2nlr_sh1 _2nlr_sh2 _3RU\NLR\AUTH\6624683 |
|
| 686 | 1 | _aЮ9я431 | |
| 702 | 1 |
_aРыльская _bЕ. А. _gЕлена Александровна _4340 |
|
| 702 | 1 |
_aМальцева _bА. С. _gАлиса Сергеевна _4340 |
|
| 711 | 1 | 2 |
_a"Психология в меняющемся мире: проблемы, гипотезы, исследования", международная студенческая научно-практическая конференция _f2019 _eЧелябинск _3RU\NLR\AUTH\880513639 |
| 712 | 0 | 2 |
_aЮжно-Уральский государственный университет _cЧелябинск _bИнститут социально-гуманитарных наук _bКафедра психологии развития и возрастного консультирования _3RU\NLR\AUTH\880457279 _4570 |
| 942 | _cBOOK | ||
| 980 | _aNBR | ||
| 980 | _aNB | ||